سفر نا مے (Record no. 174049)

MARC details
000 -LEADER
fixed length control field 00564nam a22001937a 4500
005 - DATE AND TIME OF LATEST TRANSACTION
control field 20200316143334.0
010 ## - LCCN (DPL NO)
LC control number B-24537
020 ## - INTERNATIONAL STANDARD BOOK NUMBER
Terms of availability 40.00
International Standard Book Number -
035 ## - SYSTEM CONTROL NUMBER
System control number B-24537
037 ## - SOURCE OF ACQUISITION
Source of stock number/acquisition BPPD/PUB
Stock number -
082 ## - DEWEY DECIMAL CLASSIFICATION NUMBER
Classification number 910.4
100 ## - MAIN ENTRY--PERSONAL NAME
Personal name پبليشر
245 ## - TITLE STATEMENT
Title سفر نا مے
Statement of responsibility, etc پبليشر
246 ## - VARYING FORM OF TITLE
Remainder of title Safar Name(Urdu)
Title proper/short title by Publisher
260 ## - PUBLICATION, DISTRIBUTION, ETC. (IMPRINT)
Place of publication, distribution, etc Patna
Name of publisher, distributor, etc Khuda Bakhsh Oriental Pub. Lib.
Date of publication, distribution, etc 1999 ء
270 ## - ADDRESS
Address Khuda Bakhsh Oriental Public Library,
City Patna
Postal code -
Telephone number -
Fax number -
300 ## - PHYSICAL DESCRIPTION
Extent 112 ص
Dimensions 22 Cm(Hb)
942 ## - ADDED ENTRY ELEMENTS (KOHA)
Source of classification or shelving scheme Dewey Decimal Classification
Item type Urdu Bks
Classification part 910.4
Call number suffix س ف ر
Holdings
Withdrawn status Lost status Not for loan Collection code Home library Current library Date acquired Source of acquisition Cost, normal purchase price Full call number Barcode Copy number Cost, replacement price Koha item type
      Non-fiction Central Library Central Library 16/03/2020 BPPD/Ven. 40.00 910.4 س ف ر B-24537 1 40.00 Urdu Bks

© Delhi Public Library
Hit Counter
free hit counter